|
|
|
|
| LEADER |
00000nam0a2200000 4500 |
| 001 |
296883 |
| 005 |
20231102000942.0 |
| 020 |
|
|
|a RU
|b 83-91387
|
| 035 |
|
|
|a (RuTPU)RU\TPU\book\321994
|
| 090 |
|
|
|a 296883
|
| 100 |
|
|
|a 20150603d1983 m y0rusy5003 ca
|
| 101 |
0 |
|
|a rus
|
| 102 |
|
|
|a RU
|
| 105 |
|
|
|a a j 001zy
|
| 200 |
1 |
|
|a Адаптивное управление обработкой деталей на станках с ЧПУ
|e учебное пособие для курсов повышения квалификации ИТР
|f В. А. Тимирязев
|g Научно-техническое общество машиностроительной промышленности (НТО Машпром), Центральное правление
|
| 210 |
|
|
|a Москва
|c Машиностроение
|d 1983
|
| 215 |
|
|
|a 47 с.
|c ил.
|d 21 см
|
| 225 |
1 |
|
|a Университет технического прогресса в машиностроении
|
| 320 |
|
|
|a Библиогр.: с. 46
|
| 606 |
1 |
|
|a Металлорежущие станки с ЧПУ
|2 stltpush
|3 (RuTPU)RU\TPU\subj\42706
|9 62364
|
| 610 |
1 |
|
|a металлорежущие станки с программным управлением
|
| 610 |
1 |
|
|a технологические системы
|
| 610 |
1 |
|
|a пространственные размерные связи
|
| 610 |
1 |
|
|a погрешность
|
| 610 |
1 |
|
|a детали
|
| 610 |
1 |
|
|a обработка
|
| 610 |
1 |
|
|a адаптивное управление
|
| 610 |
1 |
|
|a зарубежный опыт
|
| 610 |
1 |
|
|a учебные пособия
|
| 675 |
|
|
|a 621.9.06-529(075.9)
|z rus
|v 4
|
| 700 |
|
1 |
|a Тимирязев
|b В. А.
|g Владимир Анатольевич
|4 070
|
| 712 |
0 |
2 |
|a Научно-техническое общество машиностроительной промышленности (НТО Машпром)
|b Центральное правление
|f (1955-1985)
|2 stltpush
|3 (RuTPU)RU\TPU\col\21679
|
| 801 |
|
0 |
|a RU
|b RuMRKP
|c 19950704
|g psbo
|
| 801 |
|
1 |
|a RU
|b 63413507
|c 20150603
|
| 801 |
|
2 |
|a RU
|b 63413507
|c 20181114
|g RCR
|
| 942 |
|
|
|c BK
|